XIa Mostra d'Art Contemporani Català [Recurs electrònic] / realització: Iñaki Álvarez... [et al.] Iñaki Álvarez... [et al.]
Descripción Física:
1 disc òptic (CD-ROM) ; 12 cm
MARC
| LEADER | 00000nam a2200000Ia 4500 | ||
|---|---|---|---|
| 001 | 23033 | ||
| 008 | 160829s2000 xx 000 0 cat d | ||
| 080 | |a CD-1-178 | ||
| 100 | |a Mostra d'Art Contemporani Català (11a : 2000) |9 39929 | ||
| 245 | |a XIa Mostra d'Art Contemporani Català [Recurs electrònic] / realització: |b Iñaki Álvarez... [et al.] | ||
| 260 | |a Sant Cugat del Vallès : |b Canals Galeria d'Art, |c 2000 | ||
| 300 | |a 1 disc òptic (CD-ROM) ; |c 12 cm | ||
| 590 | |a Requeriments mínims: Pantalla 800x600, color 16 bits, 100Mhz, 8Mb de RAM, CD ROM 4x. | ||
| 590 | |a Amb la col·laboració del Servei de Cultura de la Diputació de Barcelona | ||
| 650 | |a Art modern |x S. XX |x Catalunya |x Exposicions |9 38304 | ||
| 700 | |a Canals Galeria d'Art |9 38305 | ||
| 700 | |a Álvarez, Iñaki |9 39930 | ||
| 901 | |a Arxiu | ||
| 942 | |n 1 | ||
| 952 | |0 0 |1 0 |4 0 |6 CD1178 |7 1 |9 49308 |a Arxiu |b Arxiu |d 2016-12-01 |l 0 |o CD-1-178 |p 23033 |r 2016-12-01 00:00:00 |w 2016-12-01 |y ARXIU | ||
| 999 | |c 53150 |d 53150 | ||